Marketingový mix v maloobchode bakalárska práca

Gespeichert in:
Bibliographische Detailangaben
1. Verfasser: Szalayová, Adrienn
Körperschaft: Obchodná fakulta EU. Katedra marketingu
Weitere Verfasser: Bzdúšek, Ivan
Format: Buch
Sprache:Slowakisch
Veröffentlicht: Bratislava 2011
Tags: Tag hinzufügen
Keine Tags, Fügen Sie das erste Tag hinzu!

MARC

LEADER 00000nbm a2200000 4500
001 0132022
005 20161109111426.7
041 0 |a slo 
044 |a SK 
245 1 0 |a Marketingový mix v maloobchode  |b bakalárska práca  |c Adrienn Szalayová ; školiteľ: Ivan Bzdúšek 
264 1 |a Bratislava  |c 2011 
300 |a 59 s. 
100 1 |a Szalayová, Adrienn 
700 1 |a Bzdúšek, Ivan 
710 2 |a Obchodná fakulta EU. Katedra marketingu